Paroles Moules Frites par Stromae - Statistiques

Statistiques générales
  • Ce quiz a été pris 140 fois
  • Le résultat moyen est 172 sur 227
Statistiques - réponses
Réponse % Correct
Et
99%
et
99%
frite
99%
m'a
99%
moules
99%
à
98%
les
97%
mayo
96%
sans
96%
aime
95%
frites
95%
Polo ?
93%
Polo
93%
il
87%
se
87%
ce
85%
de
85%
Ou
84%
84%
ou
84%
dit,
83%
que
82%
qu'il
80%
un
80%
chante
79%
son
77%
76%
petit
76%
plus
76%
plutôt
76%
pour
76%
est
74%
on
74%
toi
74%
ne
73%
doigt
72%
Sais-tu
72%
lui
71%
une
71%
du
70%
70%
fois
70%
c'est
69%
elle
69%
l'eau
69%
Mais
69%
mais
69%
chantera
68%
sortie
68%
yo
67%
pas
66%
Quand
66%
tous
66%
peu
64%
enterré
63%
qu'une
63%
aurait
62%
coquille
62%
dernier
62%
lève
62%
rêve
62%
tôt
62%
aimait
60%
mefier
60%
verre
60%
blanc
59%
si
58%
car
57%
passe
57%
s'est
57%
table
57%
toujours
57%
l'océan
56%
était
55%
oublier
55%
boit
54%
chaque
54%
imagine
54%
qu'elle
53%
tellement
53%
baignée
52%
facile
52%
agile
51%
cette
51%
contaminée
51%
même
51%
l'exécrable
50%
moins
50%
avant
49%
comme
49%
goût
49%
moment
49%
fragile
48%
n'sait
48%
peut-être
48%
âcre
47%
criait
46%
supplier
46%
sur
46%
c'que
44%
doit
43%
fois-ci
42%
dde
2%
Aucun quiz correspondant
Distribution des résultats
% des personnes avec chaque résultat
Percentile par nombre de réponses
Votre historique - résultats
Vous n’avez pas pris ce quiz